000 00682nam a2200277Ia 4500
005 20260320195841.0
008 008 262003s9999 xx 000 0 hin d
020 _a9789388753739
037 _aEBOOK
040 _aCRL
040 _bhin
040 _cCRL
041 _2hin
041 _ahin
084 _qCRL
100 _aविष्णु नागर
_91133279
245 0 _aअसहमति में उठा एक हाथ
250 _a2nd
260 _bRajkamal
260 _c2019
300 _a398
856 _uhttps://ebook.indiaread.in/pdfs/asahmati_mein_utha_ek_hath.pdf
942 _cEBOOK
999 _c1716840
_d1716840